ბათუმის შოთა რუსთაველის სახელმწიფო უნივერსიტეტის ბიბლიოთეკა

ლაბორატორიული სამუშაოები ზოგად და არაორგანულ ქიმიაში. ნაწილი II. (ბიბ.ჩანაწერი № 39837)

000 -LEADER
fixed length control field 00723nam a2200181Ia 4500
001 - CONTROL NUMBER
control field 6442
003 - CONTROL NUMBER IDENTIFIER
control field GE_BSU
008 - FIXED-LENGTH DATA ELEMENTS--GENERAL INFORMATION
fixed length control field 181216s||||||||xx |||||||||||||| ||und||
040 ## - CATALOGING SOURCE
Transcribing agency GE_BSU
080 ## - UNIVERSAL DECIMAL CLASSIFICATION NUMBER
Universal Decimal Classification number 54+546(076)
245 ## - TITLE STATEMENT
Title ლაბორატორიული სამუშაოები ზოგად და არაორგანულ ქიმიაში. ნაწილი II.
245 ## - TITLE STATEMENT
Statement of responsibility, etc. შემდგ.: პ.გაგნიძე, ლ.რურუა, გ.მეტრეველი, ე.ჩიქვინიძე.
260 ## - PUBLICATION, DISTRIBUTION, ETC.
Place of publication, distribution, etc. თბ.
260 ## - PUBLICATION, DISTRIBUTION, ETC.
Date of publication, distribution, etc. 1987.
300 ## - PHYSICAL DESCRIPTION
Extent 79გვ;20სმ.
653 ## - INDEX TERM--UNCONTROLLED
Uncontrolled term ზოგადი და არაორგანული ქიმია.
942 ## - ADDED ENTRY ELEMENTS (KOHA)
Koha item type წიგნი

არაა ხელმისაწვდომი ეგზემპლარები.